000 00341nam a2200157Ia 4500
001 33944
003 IN-NITTTR
005 20251114233141.0
008 251113s9999||||xx |||||||||||||| ||eng||
040 _beng
040 _cIN-NITTTR
041 _aeng
082 _aP 624.183405 I2
245 0 _aIndian Concrete Journal /
942 _2ddc
_cBK
999 _c17598
_d17598